| 000 | 00680nam a2200241 a 4500 | ||
|---|---|---|---|
| 001 | nice12345678 | ||
| 003 | IN_TiNIC | ||
| 005 | 20260116014314.0 | ||
| 008 | 070411s2007 noia grp 000 0 eng | ||
| 020 |
_a _c200 |
||
| 082 | 0 | 0 |
_a350.9 _bFIN |
| 100 | _aFinancial Management Service Foundation, | ||
| 245 | _aHandbook on Social Audit in NGOs | ||
| 260 |
_aNoida _bFinancial Management Service Foundationnoida _c2007 |
||
| 300 | _a135p | ||
| 500 | _aincludes index and biblioraphy | ||
| 505 | 2 | _areferences, annexure | |
| 650 | _aAccountability-Public | ||
| 700 | 1 | _aFinancial Management Service Foundation, | |
| 902 | _bSRS | ||
| 942 | _cBK | ||
| 999 |
_c14730 _d14730 |
||